Využitie štatistiky v marketingovom výskume

Úloha induktívnej štatistiky. Populácia a vzorka. Testy významnosti. Použitie intervalových odhadov. Predpoklady využitia induktívnej štatistiky. Viacrozmerné prieskumné techniky: 1. Zhluková analýza 2. Faktorová analýza a analýza hlavných komponentov 3. Multidimenzionálne škálovanie 4. Optimálne šk...

ver descrição completa

Na minha lista:
Detalhes bibliográficos
Autor principal: Rimarčík, Marián
Formato: Capítulo de Livro
Idioma:eslovaco
Assuntos:
Tags: Adicionar Tag
Sem tags, seja o primeiro a adicionar uma tag!

MARC

LEADER 00000naa$a2200000$$$4500
001 0052004
005 20230907082641.5
041 0 |a slo 
044 |a SK 
245 1 0 |a Využitie štatistiky v marketingovom výskume  |c Marián Rimarčík 
520 |a Úloha induktívnej štatistiky. Populácia a vzorka. Testy významnosti. Použitie intervalových odhadov. Predpoklady využitia induktívnej štatistiky. Viacrozmerné prieskumné techniky: 1. Zhluková analýza 2. Faktorová analýza a analýza hlavných komponentov 3. Multidimenzionálne škálovanie 4. Optimálne škálovanie. 
610 2 0 |a štatistika 
610 2 0 |a výskum štatistický 
610 2 0 |a údaje štatistické 
610 2 0 |a metódy štatistické 
610 2 0 |a marketing 
610 2 0 |a škálovanie 
610 2 0 |a analýza zhluková 
610 2 0 |a odhady 
100 1 |a Rimarčík, Marián